| 000 | 00439cam a22001457a 4500 | ||
|---|---|---|---|
| 008 | 180718b1989 xxu||||| |||| 00| 0 eng d | ||
| 082 | _aU2x4 H191 | ||
| 245 |
_aCapitalism, culture, and economic regulation _cedited by Leigh Hancher and Michael Moran |
||
| 260 |
_aOxford _bClarendon _c1989 |
||
| 300 | _a314p. | ||
| 650 | _aCapitalism - Europe | ||
| 650 | _aTrade regulation - Europe | ||
| 700 | _aMoran, Moran | ||
| 700 | _aHancher, Leigh | ||
| 999 |
_c380373 _d380373 |
||